000 00338 a2200157 4500
001 60806
020 _a8508104146
040 _cAnchieta - Pituba
100 _aMoreira, Igor
240 1 0 _aGeografia, 9º ano
_lpor
245 1 0 _aGeografia, 9º ano
300 _a304/72
362 0 _a2006
650 4 _aGeografia e viagens
942 _cBK
999 _c60806
_d60806